| 000 | 01447cam a22003374a 4500 | ||
|---|---|---|---|
| 001 | 12357821 | ||
| 003 | OSt | ||
| 005 | 20240426160615.0 | ||
| 008 | 010326s2002 enka b 001 0 eng | ||
| 010 | _a 2001025939 | ||
| 020 | _a0521808219 (hbk.) | ||
| 020 | _a0521004225 (pbk.) | ||
| 040 |
_aDLC _cDDC _dDLC |
||
| 042 | _apcc | ||
| 050 | 0 | 0 |
_aQC689.5.L35 _bL48 2002 |
| 082 | 0 | 0 | _a519.5 LEV 2002. |
| 100 |
_a Edited by Bardou,Francois; [et..al] _915039 |
||
| 245 | 0 | 0 |
_aLévy Statistics and Laser Cooling: _bHow rare events bring atoms to rest. |
| 260 |
_aNew York : _bCambridge University Press, _c2002. |
||
| 300 |
_axiii,199p; _bill; _c26cm. |
||
| 504 | _aIncludes; bibliographical references (p. 181-187) and indexes. | ||
| 650 | 0 |
_aEngineering _9373 |
|
| 650 | 0 |
_aAtoms _911326 |
|
| 856 | 4 | 1 |
_3Sample text _uhttp://www.loc.gov/catdir/samples/cam033/2001025939.html |
| 856 | 4 | 2 |
_3Publisher description _uhttp://www.loc.gov/catdir/description/cam021/2001025939.html |
| 856 | 4 | 1 |
_3Table of contents _uhttp://www.loc.gov/catdir/toc/cam021/2001025939.html |
| 856 | 4 | 2 |
_3Contributor biographical information _uhttp://www.loc.gov/catdir/enhancements/fy0731/2001025939-b.html |
| 906 |
_a7 _bcbc _corignew _d1 _eocip _f20 _gy-gencatlg |
||
| 942 |
_2ddc _cO_SHELF |
||
| 999 |
_c7339 _d7339 |
||